000
00194 a2200097 4500
001
56621
100
_a
245
_a
Violence in our time
260
_a
NY
_b
Putnam
_c
1977
090
_c
34842
_d
34842
942
_a
NUST-CAE
_c
_c
27605
999
_c
291694
_d
291694